Disney Character 'Epitaphs' Quiz Stats

 Plays Quiz Updated Dec 3, 2018

Support Sporcle.
Go Orange.
Score 0/20 Timer 06:00
7 Plays Today
Tombstone Inscription Disney Character % Correct
She could always man up and take down a Hun. Now she and her dragon are buried as one.Mulan
92.6%
His son brought him joy and his brother brought him strife. Now he contributes to the circle of life.Mufasa
89.1%
Here lies a girl who once sang maritime hymns, before striving for love and growing out limbs.Ariel
83.8%
He escaped a rocket bound for space, then said 'aloha' and found on Earth a place.Stitch
82.7%
He was missing both a hand and smile, but was perfect bait for a crocodile.Captain Hook
78.7%
Here lies one who always brought the funny, whether he was stuck in a hole or reaching for honey.Winnie the Pooh
77.8%
Here lies a being, we bet you know who! She could draw out a smile with 'Bibbidi-Bobbidi-Boo.'Fairy Godmother
77.3%
He finally learned to not tell a lie, such a shame he had to die.Pinocchio
74.8%
With a fur obsession and heinous hair, she died in prison- really, do you care?Cruella De Vil
66.7%
Raised by wolves and then by men, he visited his animal friends time and again.Mowgli
62.2%
Tombstone Inscription Disney Character % Correct
A hitman for hire with a heart of gold, he disobeyed the queen and never told.Humbert the Huntsman
58.6%
A loving and clownish father as sweet as can be, he found his son in the deep blue sea.Marlin
53.8%
He took a bullet for his lover's dad, then returned to England heartbroken and sad.John Smith
52%
A stab to the heart and a cliff fall so steep- karma for this woman who put a princess to sleep.Maleficent
49.4%
He was whacked with a frying pan and lied about his name, but he got the girl of long-haired fame.Eugene
44.2%
Despite falling for a faux prince, she found true love and stuck with him since.Jasmine
42.6%
He was Maldonia's version of a Paris Hilton joke, until he became an amphibian and learned his lesson with a croak.Naveen
28.3%
Whether she was trashin' the camp or vine-swinging for sport, this mischievous little gorilla's life was cut too short.Terk
27.3%
Captured in an enchanted castle without his horse, once released by his daughter, he returned with greater force.Maurice
25.5%
In his fantasy world, he sat among the blooms. Perhaps he should have laid off the shrooms.Caterpillar
24%

From the Vault

Prove You Aren't a Robot - 'A' Countries of Asia

by t_rev19

Geography 90s
If you are a robot, well... good luck.
Remove Ads.
Support Sporcle.
Get the best of Sporcle when you Go Orange. This ad-free experience offers more features, more stats, and more fun while also helping to support Sporcle. Thank you for becoming a member.

Show Comments

Extras

Top Quizzes Today


Score Distribution

Your Account Isn't Verified!

In order to create a playlist on Sporcle, you need to verify the email address you used during registration. Go to your Sporcle Settings to finish the process.

Report this User

Report this user for behavior that violates our Community Guidelines.

Details: